Most Democratic Countries Quiz - Statistics

General Stats
  • This quiz has been taken 30 times
  • The average score is 9 of 10
Answer Stats
Place Answer % Correct
5 Denmark
100%
10 Australia
97%
9 Finland
97%
4 New Zealand
97%
1 Norway
97%
3 Sweden
97%
2 Iceland
93%
6 Canada
86%
8 Switzerland
79%
7 Ireland
72%
No matching quizzes found
Score Distribution
Percent of People with Each Score
Percentile by Number Answered
Your Score History
You have not taken this quiz